| 000 | 00823nam a2200313Ia 4500 | ||
|---|---|---|---|
| 003 | OSt | ||
| 005 | 20231117162707.0 | ||
| 008 | 210210b2012 xxu||||| |||| 00| 0 eng d | ||
| 020 | _a9788126710119 | ||
| 040 | _cAL | ||
| 041 | _aHindi | ||
| 082 | _aH891.8 PARP | ||
| 100 |
_aPARASAYI _9142008 |
||
| 245 |
_aParsayi rachnavali Vol 1 _bपरसाई रचनावली: खंड १ |
||
| 250 | _a5 | ||
| 260 |
_aNayi Dilli _bRajkamal Prakashan _c2012 |
||
| 300 | _aviii,431 | ||
| 440 |
_a1 _9142009 |
||
| 650 |
_aVol _9142010 |
||
| 650 |
_arachnavali _9142011 |
||
| 650 |
_aParsayi _9142012 |
||
| 650 |
_aEd _9142013 |
||
| 650 |
_a5 _9142014 |
||
| 650 |
_a1 _9142015 |
||
| 690 |
_aHindi Miscellaneous _9142016 |
||
| 700 |
_aKAMLAPRASAD,VARMA (Dhananjay) _9142017 |
||
| 906 | _a072345 | ||
| 942 |
_2ddc _cBK |
||
| 999 |
_c88618 _d88618 |
||